000 00550nam a22001697a 4500
005 20251108164321.0
008 250721s1995 xx 000 0 ara d
082 1 4 _a811.637/عبد
100 1 _aعبد الجابر، سعود محمود
_eمؤلف
245 1 0 _aديوان إبن قسيم الحموي :
_bمن شعراء نورالدين زنكي /
264 1 _aعمان :
_bدار البشير،
_c1995.
300 _a151ص.
650 1 7 _aالشعر العربي
650 1 7 _aالأيوبيون 1174-1252
942 _2ddc
_cBK
999 _c9179
_d9179